000 00826nam a22002657a 4500
001 000516
003 DO-SdBNP
005 20171110114325.0
007 000516
008 160921b 2008 sp ||||| |||| 00| 0 spa d
020 _a9972625346
040 _aBPMSU
_bspa
_cBPMSU
082 4 _a641.865
_bG748L
245 0 0 _aEl gran libro pastelería /
_ccreación y realización Thema Equipo Editorial ; ilustración Mónica Martínez
260 _aBarcelona :
_bLexus Editores,
_c2008.
300 _a359 p. :
_bil. ;
_c27 cm.
650 4 _aPASTELES
650 4 _aCONFITERIA
650 4 _a DECORACIÓN DE TORTAS
700 1 2 _aMartínez, Mónica,
_eil.
910 _aValidado. Control de calidad MFF
942 _2ddc
_cBK
945 _aInvetariado extranjerov / 2017 VM
956 _2LOPEREZ
_310
_620160921
_8BPMSU
_a00041
999 _c11472
_d11472